Moraceae das restingas do estado do Rio de Janeiro (Registro n. 329039)
[ somente texto ]
| 000 -LÍDER | |
|---|---|
| fixed length control field | 02788nab a2200301 i 4500 |
| 003 - CÓDIGO MARC DA AGÊNCIA CATALOGADORA | |
| Campo de controle | BR-BrBNA |
| 005 - DATA E HORA DA ÚLTIMA ATUALIZAÇÃO | |
| Campo de controle | 20241205110413.0 |
| 008 - CAMPO DE TAMANHO FIXO | |
| fixed length control field | 241205b2011 bl.qr|pooa||| 00| 0 por | |
| 040 ## - FONTE DA CATALOGAÇÃO | |
| Agência catalogadora | BR-BrBNA |
| Idioma da catalogação | por |
| 072 ## - CATEGORIA AGRIS | |
| Código AGRIS | F70 |
| 100 ## - ENTRADA PRINCIPAL - NOME PESSOAL | |
| Nome pessoal | Pederneiras, Leandro Cardoso |
| 100 ## - ENTRADA PRINCIPAL - NOME PESSOAL | |
| Nome pessoal | Costa, Andrea Ferreira da |
| 100 ## - ENTRADA PRINCIPAL - NOME PESSOAL | |
| Nome pessoal | Araujo, Dorothy Sue Dunn de |
| 100 ## - ENTRADA PRINCIPAL - NOME PESSOAL | |
| Nome pessoal | Carauta, Jorge Pedro Pereira |
| 245 ## - TÍTULO PRINCIPAL | |
| Título principal | Moraceae das restingas do estado do Rio de Janeiro |
| 500 ## - NOTA GERAL | |
| Nota geral | Publicação on-line; 44 ref.; 2 illus.; Summaries (En, Pt) |
| 942 ## - ADDED ENTRY ELEMENTS (KOHA) | |
| Koha item type | Analítica |
| 520 ## - NOTA DE RESUMO | |
| Nota de conteúdo | <br/><br/>Resumo<br/><br/>As restingas são planícies arenosas ao longo da costa litorânea que exibem uma rica e peculiar vegetação. As<br/>Moraceae nativas do Brasil englobam principalmente plantas lenhosas de porte arbóreo que participam do<br/>estágio mais avançado das matas de restinga. Através de bibliografia especializada, consultas a herbários e<br/>coletas de campo, objetivou-se elucidar a taxonomia, identificar os habitats preferenciais, atualizar a área de<br/>ocorrência e reconhecer o atual estado de conservação das espécies dessa família. Nas restingas fluminenses<br/>ocorrem cinco gêneros e 20 espécies de Moraceae. Na Formação de Mata Seca acham-se presentes 16<br/>espécies, na Mata Inundável oito e na Arbustiva Fechada seis. Dessas espécies, 15 encontram-se ameaçadas<br/>de extinção, principalmente: Ficus pulchella e Maclura brasiliensis.<br/><br/>Palavras -chave: Urticales, taxonomia, Mata Atlântica, conservação |
| 520 ## - NOTA DE RESUMO | |
| Nota de conteúdo | <br/><br/>Abstract<br/><br/>Restingas are sandy coastal plains with a rich flora and distinct vegetation types. The native Brazilian Moraceae<br/>include primarily tall woody plants growing in the more developed stages of restinga forests, but they also<br/>include herbs and shrubs. Specialized bibliography, herbarium material and field collections, were used to<br/>elucidate the taxonomy, recognize the preferred habitats, update the area of occurrence and to recognize the<br/>current conservation status of its species. There are five genera and 20 species in Moraceae. In the Dry Forest<br/>formation occur 16 species, eight in Swamp Forest and six in Closed Shrub. These species, 15 are threatened<br/>of the extinction, mainly: Ficus pulchella and Maclura brasiliensis.<br/><br/>Keywords: Urticales, taxonomy, Atlantic Forest, conservation.<br/> |
| 650 ## - ASSUNTO - THESAGRO | |
| Cabeçalho tópico ou nome geográfico | TAXONOMIA |
| 650 ## - ASSUNTO - THESAGRO | |
| Cabeçalho tópico ou nome geográfico | MATA ATLÂNTICA |
| 650 ## - ASSUNTO - THESAGRO | |
| Cabeçalho tópico ou nome geográfico | CONSERVAÇÃO |
| 650 ## - ASSUNTO - THESAGRO | |
| Cabeçalho tópico ou nome geográfico | MORACEAE |
| 650 ## - ASSUNTO - THESAGRO | |
| Cabeçalho tópico ou nome geográfico | RESTINGA |
| 773 0# - ENTRADA ANALÍTICA | |
| Host Biblionumber | 709 |
| Registro do item | 347049 |
| Imprenta | Rio de Janeiro-RJ Jardim Botanico do Rio de Janeiro 1935 |
| Outro identificador | 2024-7870 |
| Título | Rodriguésia (Brazil) |
| ISSN | 0370-6583; 2175-7860 on-line |
| Colação | v. 62(1) p. 077-092; (2011) |
| Número de controle de registro | BR2024003778 |
| 856 ## - ACESSO E ENDEREÇO ELETRÔNICO | |
| Identificador uniforme de recurso - URI | https://www.scielo.br/j/rod/a/7NfttYW3MRXYXfLczhZCsVf/?format=pdf&lang=pt |
Nenhum exemplar disponível.

BINAGRI